| 000 | 00758nam a2200229 a 4500 | ||
|---|---|---|---|
| 001 | 000025866 | ||
| 005 | 20250422110454.0 | ||
| 008 | 110217s1993 mx a r 000 | spa d | ||
| 020 | _a9686849017 | ||
| 040 |
_aDO-SdBNP _bspa _cBNPHU |
||
| 082 |
_a616.9792 _bR541q |
||
| 100 | 1 |
_aRico, Blanca, _952708 |
|
| 245 | 1 | 0 |
_a¿Qué onda con el sida? / _cBlanca Rico y Patricia Uribe. |
| 260 |
_aMéxico, D. F. : _bADN : _bConsejo Nacional para la Cultura y las Artes, _c1993. |
||
| 300 |
_a127 p. : _bil. ; _c21 cm. |
||
| 490 | 1 |
_aViaje al Centro de la Ciencia _v1 |
|
| 650 | 0 |
_aSIDA (Enfermedad) _952709 |
|
| 650 | 4 |
_aEnfermedades transmisibles _952710 |
|
| 700 | 1 |
_aUribe, Patricia, _952711 |
|
| 830 | 0 |
_aViaje al Centro de la Ciencia, _v1 _948026 |
|
| 049 | _aBNGR | ||
| 999 |
_c25358 _d25358 |
||